| 000 | 00751nam a22002777a 4500 | ||
|---|---|---|---|
| 001 | 0000262 | ||
| 003 | KOHA_MİRAKIL | ||
| 005 | 20260207001205.0 | ||
| 007 | ta | ||
| 008 | 081212b2008 tu a|||gr||||#||||0|tur | | ||
| 020 |
_a9755111131 _cYTL23,91 |
||
| 040 |
_aTR-BiSEU _btur _cTR-BiSEU _erda |
||
| 041 | 0 | _atur | |
| 044 | _ctu | ||
| 050 |
_aT50 _b.G46 2008 |
||
| 100 | 1 | _aGenceli, Osman. | |
| 245 | 1 |
_aÖlçme tekniği/ _cOsman Genceli ; Osman Genceli. |
|
| 264 | 1 |
_aİstanbul : _bBirsen _c2008 |
|
| 300 |
_axvii, 387 sayfa : _bresimli |
||
| 336 |
_ametin _btxt _2rdacontent |
||
| 337 |
_aaracısız _bn _2rdamedia |
||
| 338 |
_acilt _bnc _2rdacarrier |
||
| 650 | 0 |
_aÖlçme. _92178 |
|
| 650 | 0 |
_aÖlçüm aygıtları. _92179 |
|
| 942 |
_2lcc _cBK |
||
| 999 |
_c263 _d263 |
||